कबीर साहित्य का काव्य शाश्त्रीय अध्ययन / (Record no. 112298)

MARC details
000 -LEADER
fixed length control field 01176nam a22002657a 4500
005 - DATE AND TIME OF LATEST TRANSACTION
control field 20170124102936.0
010 ## - LIBRARY OF CONGRESS CONTROL NUMBER
LC control number B-070848
020 ## - INTERNATIONAL STANDARD BOOK NUMBER
Terms of availability 400.00
035 ## - SYSTEM CONTROL NUMBER
System control number B-070848
037 ## - SOURCE OF ACQUISITION
Source of stock number/acquisition Cen Lib/Ret
040 ## - CATALOGING SOURCE
Original cataloging agency DPL
Language of cataloging HN
082 ## - DEWEY DECIMAL CLASSIFICATION NUMBER
Classification number 821.08
Item number होरो
100 ## - MAIN ENTRY--PERSONAL NAME
Personal name होरो , पुल्केरिया
9 (RLIN) 43083
245 ## - TITLE STATEMENT
Title कबीर साहित्य का काव्य शाश्त्रीय अध्ययन /
Statement of responsibility, etc पुल्केरिया होरो
246 ## - VARYING FORM OF TITLE
Title proper/short title Kabir sahitya ka kavya shashtriya adhyyan
Remainder of title by Pulakariya Horo
260 ## - PUBLICATION, DISTRIBUTION, ETC. (IMPRINT)
Place of publication, distribution, etc रांची
Name of publisher, distributor, etc एस.के.पब्लिकेशन
Date of publication, distribution, etc 2002
270 ## - ADDRESS
Address सरोवर विहार मोरावादी
City रांची
Postal code 841008
300 ## - PHYSICAL DESCRIPTION
Extent 285पृष्ठ.
Dimensions 21सेमी(सजिल्द)
500 ## - GENERAL NOTE
General note सहायक ग्रन्थ सूची शामिल
650 ## - SUBJECT ADDED ENTRY--TOPICAL TERM
Topical term or geographic name as entry element हिंदी साहित्य
9 (RLIN) 46775
650 ## - SUBJECT ADDED ENTRY--TOPICAL TERM
Topical term or geographic name as entry element कबीर साहित्य
9 (RLIN) 46776
650 ## - SUBJECT ADDED ENTRY--TOPICAL TERM
Topical term or geographic name as entry element Hindi literature
9 (RLIN) 46777
650 ## - SUBJECT ADDED ENTRY--TOPICAL TERM
Topical term or geographic name as entry element Kabir literature
9 (RLIN) 46778
942 ## - ADDED ENTRY ELEMENTS (KOHA)
Source of classification or shelving scheme Dewey Decimal Classification
Koha item type Hindi Books
Classification part 821.08
Call number suffix होरो
Holdings
Withdrawn status Lost status Damaged status Not for loan Home library Current library Date acquired Source of acquisition Cost, normal purchase price Total Checkouts Total Renewals Full call number Barcode Date last seen Date checked out Copy number Cost, replacement price Price effective from Koha item type
        Central Library Central Library 07/08/2015 Cen Lib/Ret 400.00 2 3 821.08 होरो B-070848 07/09/2020 27/02/2020 1 400.00 07/08/2015 Hindi Books

© Delhi Public Library
Hit Counter
free hit counter